[Event "POL-chT2+"]
[Site "Mrzezyno"]
[Date "2011.09.08"]
[Round "6.42"]
[White "Tymrakiewicz, Marianna"]
[Black "Wesolowska, Edyta"]
[Result "1/2-1/2"]
[WhiteElo "1870"]
[BlackElo "1957"]
[PlyCount "111"]
[EventDate "2011.09.03"]
[EventType "team-swiss"]
[EventRounds "9"]
[EventCountry "POL"]
[SourceTitle "EXT 2019"]
[Source "ChessBase"]
[SourceDate "2018.10.10"]
[SourceVersion "1"]
[SourceVersionDate "2018.10.10"]
[SourceQuality "1"]
[WhiteTeam "Chroscice LZS Victoria"]
[BlackTeam "Bydgoszcz Chemik"]
[WhiteTeamCountry "POL"]
[BlackTeamCountry "POL"]

1. Nf3 d5 2. d4 Nf6 3. e3 e6 4. Bd3 c5 5. b3 a5 6. 0-0 Be7 7. c4 Nc6 8. Bb2 0-0 9. Nc3 b6 10. Rc1 Ba6 11. Qe2 Ra7 12. Ne5 Qa8 13. Nb5 Bxb5 14. cxb5 Nxe5 15. dxe5 Nd7 16. Qh5 g6 17. Qg4 a4 18. f4 Kh8 19. Qe2 f5 20. exf6 Bxf6 21. e4 axb3 22. axb3 Ra2 23. e5 Bg7 24. Bb1 Ra5 25. h4 Qe8 26. g3 Kg8 27. Rf2 Rf7 28. Bd3 Ra2 29. Bb1 Ra5 30. Rh2 Nf8 31. Bd3 Ra2 32. Qg4 Bh8 33. Rcc2 Rg7 34. Qe2 Raa7 35. Bc3 Ra3 36. Rb2 c4 37. Bc2 Qxb5 38. Bd4 Qa6 39. bxc4 dxc4 40. Rxb6 Rxg3+ 41. Kf2 Qa3 42. Be3 Rxe3 43. Qxe3 Qa7 44. Rc6 Qa2 45. Qe4 Rf7 46. Kg3 Qa3+ 47. Kg2 Rd7 48. Rd6 Rxd6 49. exd6 Qxd6 50. Kf3 Qd5 51. Rg2 Bf6 52. Rh2 h5 53. Kg3 Kf7 54. Re2 Qxe4 55. Rxe4 c3 56. Rc4 1/2-1/2